• 首页
  • 本馆介绍
  • 公告通知
  • 最新文献
  • 馆藏检索
  • 电子资源
  • 读者导购
  • 参考咨询
  • 我的图书馆
  • 登录
  • 详细信息显示
  • 放入我的书架
  • 预约/预借图书
  • 作者相关作品
  • 分类相关作品
  • 丛书相关作品
  • 出版社相关作品

书目信息

  • 表格格式
  • 工作单格式
  • 卡片格式
题名:
常用电信测试仪表的使用与维护
    
 
作者:
分册: 第四辑  
出版信息: 北京   人民邮电出版社  1976
页数: 124页
开本: 19cm
丛书名:
单 册:
中图分类: TM930.7 , TM930.4
科图分类:
主题词: 电工仪表--使用 , 电气测量
电子资源:
ISBN:
000 00697nam0 2200253 45
001 0176000969
005 20060629174754.67
010    @dCNY0.38
091    @a15045总2124-有544
100    @a19951011d1976 em y0chiy0121 ea
101 0  @achi
102    @aCN@b110000
105    @ay z 000yy
106    @ar
200 10 @a常用电信测试仪表的使用与维护@Achang yong dian xin ce shi yi biao de shi yong yu wei hu@h第四辑
210    @a北京@c人民邮电出版社@d1976
215    @a124页@d19cm
606    @a电工仪表@x使用
606 0  @a电气测量
690    @aTM930.7@v3
690    @aTM930.4@v3
801  0 @aCN@b广东省中山图书馆@c20060629
801  2 @aCN@bNLC@c20040514
905    @f1@b3138@dTM930.4@e39:4
    
    常用电信测试仪表的使用与维护.第四辑.-北京:人民邮电出版社,1976
    124页;19cm
    
    
    ISBN :CNY0.38
    
●
相关链接 在E读中查询图书 在五车中查询图书 在当当中查询图书 在豆瓣中查询图书


正题名:常用电信测试仪表的使用与维护     索取号:TM930.4/39:4         预约/预借

序号 登录号 条形码 馆藏地/架位号 状态 备注
1 0003136   001321796   第二样本阅览室/ [索取号:TM930.4/39:4] 在馆    
2 0003138   001321769   第三借阅区/ [索取号:TM930.4/39:4] 在馆    
唐山师范学院图书馆 欢迎您!
大连网信软件有限公司© 版权所有